000 00355nam a22001217a 4500
999 _c2926
_d2926
005 20200925114154.0
008 200925b ||||| |||| 00| 0 eng d
020 _a0435901796
040 _cCML
245 _aAfrican Plays For Playing 2.
_cEtherton, M.
260 _aLondon
_bHeinemann
_c1976
942 _2ddc
_cBK
_e1st Edition
_h822.08
_kA
_mETH